|
|
|
|
| LEADER |
00000cam a2200000 a 4500 |
| 001 |
vtls001102809 |
| 003 |
SK-MaSNL |
| 005 |
20260301191415.0 |
| 008 |
250313s1981 xo a e n 000 0 slo |
| 015 |
|
|
|a SNBA1981
|
| 020 |
|
|
|q (brož.)
|
| 035 |
|
|
|a SNK000045651
|
| 035 |
|
|
|a urn:nbn:sk:snk-amlb4i
|
| 035 |
|
|
|a urn:nbn:sk:snk-am009333
|
| 035 |
|
|
|a F15A8B8E-4EC8-42FF-A033-2663B76B9C44
|
| 040 |
|
|
|a SNK
|b slo
|c SNK
|e AACR2
|
| 041 |
0 |
|
|a slo
|
| 044 |
|
|
|a xo
|c SK
|
| 080 |
|
|
|a 631.1:351.823.1(075.8)
|2 1981
|
| 080 |
|
|
|a 351.823.1(075.8)
|2 1981
|
| 080 |
|
|
|a 351.823.1
|2 1981
|
| 080 |
|
|
|a 631.1(075.8)
|2 1981
|
| 100 |
1 |
|
|a Kordík, Zdenko
|4 aut
|9 272152
|
| 245 |
1 |
0 |
|a Právna úprava riadenia socialistických poľnohospodárskych podnikov
|c Zdenko Kordík
|
| 250 |
|
|
|a 1. vyd.
|
| 260 |
|
|
|a Košice
|b UPJŠ
|c 1981
|
| 300 |
|
|
|a 285 s.
|b tab.
|c 29 cm
|
| 366 |
|
|
|e 400 výt.
|
| 504 |
|
|
|a Bibliogr. odkazy
|
| 650 |
0 |
7 |
|a poľnohospodárske podniky
|2 SNKPH
|9 4194
|
| 650 |
0 |
7 |
|a podnikový manažment
|2 SNKPH
|9 3483
|
| 650 |
0 |
7 |
|a socializmus
|2 SNKPH
|9 2151
|
| 655 |
|
7 |
|a učebnice vysokých škôl
|2 SNKPH
|9 70191
|
| 852 |
|
|
|a Slovenská národná knižnica
|
| 958 |
|
|
|a OND
|
| 958 |
|
|
|a NB
|
| 999 |
|
|
|c 870949
|d 872879
|
| 952 |
|
|
|a SNK
|b SNK
|y PREZ
|7 0
|p 17A0991885
|o snkSB 32272
|i snkKSP 7367/81
|0 0
|1 0
|4 0
|d 2014-11-12
|f 1
|l 0
|r 2025-04-04 00:00:00
|w 2026-02-24
|
| 952 |
|
|
|a SNK
|b SNK
|y VYP
|7 0
|o snkSB 32272 D1
|i snkKSP 7368/81
|0 0
|1 0
|4 0
|d 2014-11-12
|l 0
|r 2026-02-24 05:41:48
|w 2026-02-24
|